| 000 | 00622nam a2200181Ia 4500 | ||
|---|---|---|---|
| 003 | GCL | ||
| 008 | 140319s9999 xx 000 0 ara d | ||
| 040 |
_aGCL / _cGCL |
||
| 082 | 0 | 4 |
_a216 _bا م |
| 100 | 1 | _aالسيد ابى الحسن الحسينى الندوى | |
| 245 | 1 | 0 |
_aماذا خسر العالم بانحطاط المسلمين / _cالسيد ابى الحسن الحسينى الندوى |
| 260 |
_a[S.N] : _bمكتبة الدعوة |
||
| 300 | _a303 ص | ||
| 490 | _a | ||
| 650 | 0 | 4 | _aالاسلام والعلاقات الخارجية |
| 650 | 0 | 4 | _aالاسلام - دفع مطاعن |
| 942 |
_2ddc _cBK |
||
| 999 |
_c56163 _d56163 |
||